Six Sigma trochu jinak
Metóda Six Sigma ako nástroj hodnotenia úrovne kvality v organizácii. Oboznámenie s metódou Six Sigma z rôznych uhlov pohľadu - či je Six Sigma prvou metódou k meraniu kvality alebo je jedným z nástrojov k dosiahnutiu excelentných výkonov. Pôvod názvu metódy. Predchádzajúca história. Prínos metódy S...
Salvato in:
| Autore principale: | |
|---|---|
| Natura: | Capitolo di libro |
| Lingua: | ceco |
| Soggetti: | |
| Tags: |
Nessun Tag, puoi essere il primo ad aggiungerne!!
|
MARC
| LEADER | 00000naa a2200000 4500 | ||
|---|---|---|---|
| 001 | r046226 | ||
| 005 | 20230524134706.5 | ||
| 041 | 0 | |a cze | |
| 044 | |a CZ | ||
| 245 | 1 | 0 | |a Six Sigma trochu jinak |c Zdeněk Janeček |
| 520 | |a Metóda Six Sigma ako nástroj hodnotenia úrovne kvality v organizácii. Oboznámenie s metódou Six Sigma z rôznych uhlov pohľadu - či je Six Sigma prvou metódou k meraniu kvality alebo je jedným z nástrojov k dosiahnutiu excelentných výkonov. Pôvod názvu metódy. Predchádzajúca história. Prínos metódy Six Sigma. | ||
| 610 | 2 | 0 | |a kvalita |
| 610 | 2 | 0 | |a ukazovatele kvalitatívne |
| 610 | 2 | 0 | |a metódy |
| 610 | 2 | 0 | |a Six Sigma |
| 610 | 2 | 0 | |a zlepšovateľstvo |
| 610 | 2 | 0 | |a výkony podnikové |
| 100 | 1 | |a Janeček, Zdeněk | |